Análisis de estados financieros/ (Registro nro. 8873)
[ vista simple ]
| 000 -LEADER | |
|---|---|
| fixed length control field | 01145nam a2200193Ia 4500 |
| 005 - FECHA Y HORA DE LA ÚLTIMA TRANSACCIÓN | |
| control field | 20230813112000.0 |
| 008 - FIXED-LENGTH DATA ELEMENTS--GENERAL INFORMATION | |
| fixed length control field | 230809s9999 xx 000 0 und d |
| 020 ## - INTERNATIONAL STANDARD BOOK NUMBER | |
| International Standard Book Number | 978-607-32-4017-8 |
| 040 ## - CATALOGING SOURCE | |
| Original cataloging agency | UPAN |
| Transcribing agency | Biblioteca San Vicente |
| Description conventions | RCAA2 |
| 041 ## - LANGUAGE CODE | |
| Language code of text/sound track or separate title | spa |
| 082 ## - DEWEY DECIMAL CLASSIFICATION NUMBER | |
| Classification number | 657.32 |
| Item number | C157a |
| año de publicación | 2017 |
| 100 ## - MAIN ENTRY--PERSONAL NAME | |
| Personal name | Calleja, Francisco Javier |
| Relator code | aut. |
| 245 #0 - TITLE STATEMENT | |
| Title | Análisis de estados financieros/ |
| Statement of responsibility, etc | Francisco Javier Calleja, Felipe Calleja |
| 260 ## - PUBLICATION, DISTRIBUTION, ETC. (IMPRINT) | |
| Place of publication, distribution, etc | México: |
| Name of publisher, distributor, etc | Pearson, |
| Date of publication, distribution, etc | 2017 |
| 300 ## - PHYSICAL DESCRIPTION | |
| Extent | 140 p.; |
| Dimensions | 26 cm. |
| 505 ## - FORMATTED CONTENTS NOTE | |
| Formatted contents note | Cap. 1 Los estados financieros básicos<br/>Cap. 2 El análisis financiero<br/>Cap. 3 Estados comparativos y conversión a po9rcentajes de los estados financieros<br/>Cap. 4 Razones financieras simples: solvencia y liquidez<br/>Cap. 5 Razones financieras simples: actividad<br/>Cap. 6 Razones financieras simples: rentabilidad<br/>Cap. 7 Razones financieras simples: apalancamiento<br/>Cap. 8 Razones financieras simples: cobertura<br/>Cap. 9 Razones financieras simples: mercado<br/>Cap. 10 Razones financieras estándar, tendencias y razones financieras combinadas<br/>Cap. 11 Análisis técnico |
| 650 ## - SUBJECT ADDED ENTRY--TOPICAL TERM | |
| Source of heading or term | LEMB |
| General subdivision | Estados financieros |
| 942 ## - ADDED ENTRY ELEMENTS (KOHA) | |
| Koha item type | Libros |
| Source of classification or shelving scheme | Dewey Decimal Classification |
| Withdrawn status | Lost status | Source of classification or shelving scheme | Damaged status | Not for loan | Collection code | Home library | Current library | Date acquired | Total Checkouts | Full call number | Barcode | Date last seen | Copy number | Price effective from | Koha item type |
|---|---|---|---|---|---|---|---|---|---|---|---|---|---|---|---|
| Dewey Decimal Classification | Colección General | Biblioteca UPAN San Vicente | Biblioteca UPAN San Vicente | 09/08/2023 | 657.32 C157a | 12004217 | 09/08/2023 | 01 | 09/08/2023 | Libros | |||||
| Dewey Decimal Classification | Colección General | Biblioteca UPAN San Vicente | Biblioteca UPAN San Vicente | 13/08/2023 | 657.32 C157a | 12004218 | 13/08/2023 | 02 | 13/08/2023 | Libros | |||||
| Dewey Decimal Classification | Colección General | Biblioteca UPAN San Vicente | Biblioteca UPAN San Vicente | 13/08/2023 | 657.32 C157a | 12004219 | 13/08/2023 | 03 | 13/08/2023 | Libros |